Statistics for Red Hot Chili Peppers "The Getaway" Lyrics

Click here to take the quiz!

General Stats

  • This quiz has been taken 7 times
  • The average score is 317 of 349

Answer Stats

Answer% Correct
a
100%
A
100%
and
100%
be
100%
can't
100%
car
100%
do
100%
Don't
100%
don't
100%
down
100%
ever
100%
for
100%
get
100%
getaway
100%
go
100%
have
100%
how
100%
if
100%
in
100%
is
100%
it
100%
it's
100%
It's
100%
Just
100%
know
100%
love
100%
matter
100%
May
100%
mine
100%
my
100%
never
100%
no
100%
not
100%
on
100%
out
100%
right
100%
Slow
100%
so
100%
Take
100%
that
100%
The
100%
the
100%
thing
100%
this
100%
time
100%
to
100%
up
100%
we
100%
We
100%
when
100%
will
100%
would
100%
you
100%
You
100%
your
100%
you're
100%
alright
83%
Another
83%
another
83%
around
83%
Arrivals
83%
Asleep
83%
body
83%
brave
83%
California
83%
cause
83%
cheap
83%
coded
83%
color
83%
Complete
83%
corner
83%
crime
83%
depart
83%
Drive
83%
feel
83%
find
83%
Find
83%
fine
83%
found
83%
friend
83%
girlfriend
83%
Incision
83%
inside
83%
keep
83%
Let's
83%
lonely
83%
Lost
83%
lover
83%
maybe
83%
Me
83%
me
83%
melancholy
83%
might
83%
one
83%
our
83%
place
83%
rays
83%
repeat
83%
ride
83%
savior
83%
show
83%
Sitting
83%
something
83%
sound
83%
spin
83%
steal
83%
superstar
83%
Surrender
83%
suture
83%
That's
83%
told
83%
tonight
83%
too
83%
transcend
83%
trick
83%
tried
83%
Turn
83%
weep
83%
wheel
83%
wish
83%
constellation
67%
December
67%
far
67%
fascination
67%
future
67%
gate
67%
Golden
67%
great
67%
hallucination
67%
Hold
67%
late
67%
Make
67%
much
67%
name
67%
rearranger
67%
smart
67%
song
67%
stays
67%
street
67%
supercavitation
67%
through
67%
whatever
67%

Score Distribution

Percentile by Number Answered

Percent of People with Each Score

Your Score History

You have not taken this quiz